Statistieken voor Landen op de Evenaar

Klik hier om de quiz te nemen!

Algemene statistieken

  • Deze quiz is 1.925 keer genomen
  • De gemiddelde score is 8 van 11

Antwoordstatistieken

Land% Correct
Brazilië
95%
Democratische Republiek Congo
88%
Republiek Congo
87%
Indonesië
86%
Ecuador
82%
Colombia
74%
Kenia
72%
Gabon
60%
Oeganda
56%
Somalië
54%
Sao Tomé en Principe
36%

Scoreverdeling

Percentiel versus Aantal Correcte Antwoorden

Procent van Mensen met Elke Score

Uw Scoregeschiedenis

U heeft deze quiz nog niet genomen